Score 0/50 Timer 10:00
34 Plays Today
# of Mentions Character % Correct
640Eddard Stark
97.1%
326Arya Stark
93.8%
391Jon Snow
93.8%
444Tyrion Lannister
93.6%
344Sansa Stark
92.9%
126Cersei Lannister
90.6%
380Bran Stark
90.4%
294Robert Baratheon
89.1%
350Daenerys Targaryen
87.5%
270Robb Stark
85.7%
396Catelyn Stark
85.5%
210Jaime Lannister
84.7%
202Joffrey Baratheon
83.5%
134Tywin Lannister
83.3%
224Petyr Baelish
80.1%
140Khal Drogo
75.1%
84Stannis Baratheon
73.7%
112Varys
73.5%
80Rickon Stark
72.5%
134Sandor Clegane
71.9%
122Theon Greyjoy
71.1%
112Jorah Mormont
70.4%
108Renly Baratheon
67.6%
66Gregor Clegane
66.9%
126Samwell Tarly
66.3%
# of Mentions Character % Correct
94Viserys Targaryen
62.8%
122Lysa Arryn
56%
102Jon Arryn
52%
64Hodor
51.6%
52Loras Tyrell
49.2%
68Jeor Mormont
48.5%
94Grand Maester Pycelle
48.5%
92Bronn
46.4%
122Maester Luwin
42.7%
84Benjen Stark
40.5%
54Maester Aemon Targaryen
39.7%
64Rhaegar Targaryen
37.8%
62Aerys Targaryen
37.8%
92Barristan Selmy
36%
110Jory Cassel
31.9%
64Grenn
31.3%
134Rodrik Cassel
30.8%
68Pypar
29.2%
58Old Nan
27.4%
66Alliser Thorne
26.2%
58Illyrio Mopatis
25.9%
48Mirri Maz Duur
22%
58Brynden Tully
21.8%
52Jeyne Poole
20.6%
86Septa Mordane
20.5%

You're not logged in!

Compare scores with friends on all Sporcle quizzes.
OR
Log In

Sporcle TV

Today on Sporcle TV


Watch our educational content, quiz creation guides, and fun videos on Sporcle TV.

Show Comments

Extras

Top Quizzes Today


Score Distribution

Your Account Isn't Verified!

In order to create a playlist on Sporcle, you need to verify the email address you used during registration. Go to your Sporcle Settings to finish the process.

Report this User

Report this user for behavior that violates our Community Guidelines.

Details: